Kto rzucił tym cytatem? - Statystyki

Ogólne statystyki
  • Ten quiz został rozwiązany 189 razy
  • Średni wynik to 6 z 10
Statystyki odpowiedzi
Zagadnienie Odpowiedź % Poprawnych
"Co myślimy, tym się stajemy". Budda
92%
"Wyobraźnia jest ważniejsza od wiedzy." Albert Einstein
83%
"Życie jest naprawdę proste, ale my upieramy się, by je komplikować". Konfucjusz
76%
"Nie licz dni, licz dni". Muhammad Ali
65%
"Sukces to przechodzenie od porażki do porażki bez utraty entuzjazmu." Winston Churchill
64%
"Musisz być zmianą, którą chcesz zobaczyć na świecie". Mahatma Gandhi
61%
„Dziwna bowiem jest natura ludzka; im mniej sami mamy skłonności do męczeństwa, tym natarczywiej żądamy go od innych.” Bolesław Prus
58%
"To nie lata w twoim życiu się liczą. Liczy się życie w twoich latach". Abraham Lincoln
43%
"Wprowadzenie komunizmu w Polsce byłoby podobne do nałożenia siodła na krowę". Józef Stalin
38%
"Jeśli chcesz wieść szczęśliwe życie, powiąż je z celem, a nie z ludźmi czy rzeczami". Albert Einstein
15%
Nie znaleziono quizów pasujących do podanych kryteriów
Rozkład punktacji
Procent ludzi z każdym wynikiem
Percentyl według liczby udzielonych odpowiedzi
Twoja historia wyników
Nie rozwiązałeś tego quizu